| 000 | 00872nam a2200265 a 4500 | ||
|---|---|---|---|
| 008 | |||
| 020 | _a0748735151 (pbk.) | ||
| 049 | _aMAIN | ||
| 090 |
_aLB2331 _bLEA |
||
| 245 | 1 | 0 |
_aLearning to teach number : _ba handbook for students and teachers in the primary school / _cFrobisher Len... [et al.] |
| 260 |
_aChelten : _bNelson Thorses, _c1999. |
||
| 300 |
_axv, 326 p. _bill. ; _c26 cm. |
||
| 440 | _aSubject knowledge for primary maths. | ||
| 504 | _aIncludes bibliographical references. | ||
| 500 | _aIncludes Index. | ||
| 650 | _aRoper, Tom | ||
| 650 | _aA handbook for students and in the primary school | ||
| 650 | 1 | _aLearning to teach number | |
| 700 | _aFrobisher, Len. | ||
| 907 |
_a.b10270838 _b10-05-10 _c30-10-09 |
||
| 003 | |||
| 005 | 20230123125000.0 | ||
| 040 | _cNUST | ||
| 942 |
_cBOOKS _kLB2331 _mLEA |
||
| 999 |
_c133647 _d133647 |
||